[Event "ESP-ch U18"]
[Site "Salobrena"]
[Date "2021.07.30"]
[Round "8"]
[White "Lorente Serrano, Rosa Adela"]
[Black "Cano Mateos, Pablo"]
[Result "0-1"]
[WhiteElo "2022"]
[BlackElo "1840"]
[PlyCount "72"]
[EventDate "2021.07.26"]
[EventType "swiss"]
[EventRounds "9"]
[EventCountry "ESP"]
[SourceTitle "CBM 203 Extra"]
[Source "ChessBase"]
[SourceDate "2021.09.30"]
[SourceVersion "1"]
[SourceVersionDate "2021.09.30"]
[SourceQuality "1"]

1. Nf3 Nf6 2. g3 b6 3. Bg2 Bb7 4. 0-0 e6 5. c4 Be7 6. Nc3 0-0 7. Re1 d5 8. cxd5 exd5 9. d4 Nbd7 10. Bf4 c5 11. Ne5 Ne4 12. Nxe4 dxe4 13. Qc2 Nf6 14. dxc5 Bxc5 15. Red1 Qe7 16. Nc4 Rac8 17. Qb3 Bd5 18. Rac1 Qe6 19. Rxd5 Qxd5 20. Ne3 Qxb3 21. axb3 Bxe3 22. Bxe3 Rxc1+ 23. Bxc1 Rc8 24. Bf4 Rc2 25. Be5 Rxe2 26. Bc3 Rc2 27. Bf1 Nd5 28. Bd4 Rd2 29. Be5 Kf8 30. Bc4 f6 31. Bd6+ Ke8 32. Bb5+ Kd8 33. Bf8 g6 34. Ba3 e3 35. fxe3 Nxe3 36. Bc6 Nd1 0-1

[Event "ESP-ch U18"]
[Site "Salobrena"]
[Date "2021.07.26"]
[Round "2"]
[White "Cano Mateos, Pablo"]
[Black "Galvan Cipriani, Viviana"]
[Result "1-0"]
[WhiteElo "1840"]
[BlackElo "2071"]
[PlyCount "107"]
[EventDate "2021.07.26"]
[EventType "swiss"]
[EventRounds "9"]
[EventCountry "ESP"]
[SourceTitle "CBM 203 Extra"]
[Source "ChessBase"]
[SourceDate "2021.09.30"]
[SourceVersion "1"]
[SourceVersionDate "2021.09.30"]
[SourceQuality "1"]

1. e4 c5 2. Nc3 Nc6 3. Bb5 Nd4 4. Nf3 Nxb5 5. Nxb5 d5 6. exd5 a6 7. Nc3 Nf6 8. d4 c4 9. h3 Nxd5 10. Nxd5 Qxd5 11. 0-0 e6 12. Re1 Bd6 13. b3 b5 14. a4 b4 15. bxc4 Qxc4 16. d5 Bb7 17. dxe6 Rd8 18. exf7+ Kxf7 19. Qxd6 Rxd6 20. Ne5+ Kf8 21. Nxc4 Rg6 22. Ne3 a5 23. Bb2 h5 24. Rad1 Kg8 25. Rd8+ Kh7 26. Red1 Rxd8 27. Rxd8 Bc6 28. h4 Bxa4 29. Rd5 Ra6 30. Rxh5+ Kg8 31. Rg5 Ra7 32. h5 Kh7 33. Kh2 Be8 34. Nf5 a4 35. Rxg7+ Rxg7 36. Nxg7 a3 37. Ba1 Ba4 38. Nf5 Bxc2 39. Nd4 Bd1 40. Kh3 b3 41. Nxb3 Bxb3 42. Kh4 a2 43. g4 Bf7 44. Kg5 Be6 45. f4 Bb3 46. f5 Bc2 47. f6 Bb3 48. Kh4 Kg8 49. g5 Bc2 50. g6 Bd3 51. Kg5 Bb1 52. Kh6 Kf8 53. f7 Bf5 54. Bg7+ 1-0